Das Strafrecht und die Kriminalität in der Alltagssprache der deutschen Bevölkerung
| 1. VerfasserIn: | |
|---|---|
| Beteiligte: | |
| Medienart: | Druck Buch |
| Sprache: | Deutsch |
| Veröffentlicht: |
Opladen
Westdeutscher Verl.
1985
|
| In: |
Studien zur Sozialwissenschaft (59)
Jahr: 1985 |
| Bestand in Tübingen: | In Tübingen vorhanden. IFK: A II 365 |
| Verfügbarkeit prüfen: | HBZ Gateway |
| Subito Bestelldienst: | Jetzt bestellen. |
| Schlagwörter: |
MARC
| LEADER | 00000cam a2200000 c 4500 | ||
|---|---|---|---|
| 001 | 024845531 | ||
| 003 | DE-627 | ||
| 005 | 20260416180918.0 | ||
| 007 | tu | ||
| 008 | 850828s1985 gw ||||| 00| ||ger c | ||
| 015 | |a 85,N19,0130 |2 dnb | ||
| 015 | |a 85,A46,0255 |2 dnb | ||
| 016 | 7 | |a 850421322 |2 DE-101 | |
| 020 | |a 3531117009 |9 3-531-11700-9 | ||
| 035 | |a (DE-627)024845531 | ||
| 035 | |a (DE-603)035601442 | ||
| 035 | |a (DE-576)01386727X | ||
| 035 | |a (DE-599)GBV024845531 | ||
| 035 | |a (OCoLC)14817775 | ||
| 035 | |a (OCoLC)310854636 | ||
| 035 | |a (OCoLC)230821433 | ||
| 035 | |a (OCoLC)14817775 | ||
| 040 | |a DE-627 |b ger |c DE-627 |e rakwb | ||
| 041 | |a ger | ||
| 044 | |c XA-DE | ||
| 050 | 0 | |a HV6977 | |
| 082 | 0 | |a 345.043 SMAU |q OCLC | |
| 084 | |a 19 |a 53 |2 sdnb | ||
| 084 | |a 19 |a 53 |a 14 |2 sdnb | ||
| 084 | |a MS 6850 |2 rvk |0 (DE-625)rvk/123769: | ||
| 084 | |a PH 8240 |2 rvk |0 (DE-625)rvk/136495: | ||
| 084 | |a MS 6800 |2 rvk |0 (DE-625)rvk/123768: | ||
| 084 | |a MS 6380 |2 rvk |0 (DE-625)rvk/123753: | ||
| 084 | |a GC 5164 |2 rvk |0 (DE-625)rvk/38492: | ||
| 084 | |a 86.41 |2 bkl | ||
| 090 | |a a | ||
| 100 | 1 | |a Smaus, Gerlinda |d 1940- |0 (DE-588)110817494 |0 (DE-627)666283508 |0 (DE-576)164562648 |4 aut | |
| 109 | |a Smaus, Gerlinda 1940- |a Šmaus, Gerlinda 1940- |a Šmausová, Gerlinda 1940- |a Goetzová, Gerlinda 1940- | ||
| 245 | 1 | 4 | |a Das Strafrecht und die Kriminalität in der Alltagssprache der deutschen Bevölkerung |c Gerlinda Smaus |
| 264 | 1 | |a Opladen |b Westdeutscher Verl. |c 1985 | |
| 300 | |a IX, 199 S | ||
| 336 | |a Text |b txt |2 rdacontent | ||
| 337 | |a ohne Hilfsmittel zu benutzen |b n |2 rdamedia | ||
| 338 | |a Band |b nc |2 rdacarrier | ||
| 490 | 1 | |a Studien zur Sozialwissenschaft |v 59 | |
| 500 | |a Bibliography: S. 182-192 | ||
| 505 | 8 | |a Literaturverz. S. 182 - 192 | |
| 583 | 1 | |a Archivierung/Langzeitarchivierung gewährleistet |f SLG |x XA-DE-NI |z Bücherarchiv der GWV-Verlage |2 pdager |5 DE-84 | |
| 583 | 1 | |a Massenentsäuert |c 2017 |k DE-18 |2 pdager |5 DE-18-308 | |
| 650 | 0 | 7 | |0 (DE-588)4061588-1 |0 (DE-627)10472997X |0 (DE-576)209140542 |a Umgangssprache |2 gnd |
| 650 | 0 | 7 | |0 (DE-588)4113292-0 |0 (DE-627)105830437 |0 (DE-576)209475285 |a Deutsch |2 gnd |
| 650 | 0 | 7 | |0 (DE-588)4057795-8 |0 (DE-627)106149458 |0 (DE-576)209123737 |a Strafrecht |2 gnd |
| 650 | 0 | 7 | |0 (DE-588)4033178-7 |0 (DE-627)10458503X |0 (DE-576)209000511 |a Kriminalität |2 gnd |
| 650 | 4 | |a Sprachsoziologie | |
| 650 | 4 | |a Rechtssoziologie | |
| 650 | 4 | |a Soziale Norm | |
| 650 | 4 | |a Fragebogen | |
| 650 | 4 | |a Kriminalität | |
| 650 | 4 | |a Strafrecht | |
| 650 | 4 | |a Öffentliche Meinung | |
| 650 | 4 | |a Umgangssprache | |
| 653 | 0 | |a Crime |a Germany (West) |a Public opinion | |
| 653 | 0 | |a Criminal justice, Administration of |a Germany (West) |a Public opinion | |
| 653 | 0 | |a Public opinion |a Germany (West) | |
| 653 | 0 | |a Sociological jurisprudence | |
| 689 | 0 | 0 | |d s |0 (DE-588)4057795-8 |0 (DE-627)106149458 |0 (DE-576)209123737 |a Strafrecht |2 gnd |
| 689 | 0 | 1 | |d s |0 (DE-588)4061588-1 |0 (DE-627)10472997X |0 (DE-576)209140542 |a Umgangssprache |2 gnd |
| 689 | 0 | 2 | |d s |0 (DE-588)4113292-0 |0 (DE-627)105830437 |0 (DE-576)209475285 |a Deutsch |2 gnd |
| 689 | 0 | |5 (DE-627) | |
| 689 | 1 | 0 | |d s |0 (DE-588)4033178-7 |0 (DE-627)10458503X |0 (DE-576)209000511 |a Kriminalität |2 gnd |
| 689 | 1 | 1 | |d s |0 (DE-588)4061588-1 |0 (DE-627)10472997X |0 (DE-576)209140542 |a Umgangssprache |2 gnd |
| 689 | 1 | 2 | |d s |0 (DE-588)4113292-0 |0 (DE-627)105830437 |0 (DE-576)209475285 |a Deutsch |2 gnd |
| 689 | 1 | |5 (DE-627) | |
| 689 | 2 | 0 | |d s |0 (DE-588)4061588-1 |0 (DE-627)10472997X |0 (DE-576)209140542 |a Umgangssprache |2 gnd |
| 689 | 2 | 1 | |d s |0 (DE-588)4033178-7 |0 (DE-627)10458503X |0 (DE-576)209000511 |a Kriminalität |2 gnd |
| 689 | 2 | |5 (DE-627) | |
| 689 | 3 | 0 | |d s |0 (DE-588)4061588-1 |0 (DE-627)10472997X |0 (DE-576)209140542 |a Umgangssprache |2 gnd |
| 689 | 3 | 1 | |d s |0 (DE-588)4057795-8 |0 (DE-627)106149458 |0 (DE-576)209123737 |a Strafrecht |2 gnd |
| 689 | 3 | |5 (DE-627) | |
| 689 | 4 | 0 | |d s |0 (DE-588)4033178-7 |0 (DE-627)10458503X |0 (DE-576)209000511 |a Kriminalität |2 gnd |
| 689 | 4 | 1 | |d s |0 (DE-588)4057795-8 |0 (DE-627)106149458 |0 (DE-576)209123737 |a Strafrecht |2 gnd |
| 689 | 4 | 2 | |d s |0 (DE-588)4061588-1 |0 (DE-627)10472997X |0 (DE-576)209140542 |a Umgangssprache |2 gnd |
| 689 | 4 | |5 (DE-627) | |
| 700 | 1 | |a Baratta, Alessandro |e Vorw. |4 oth | |
| 830 | 0 | |a Studien zur Sozialwissenschaft |v 59 |9 59 |w (DE-627)129299693 |w (DE-576)014492334 |w (DE-600)121835-9 |7 am | |
| 935 | |i sf | ||
| 935 | |i Blocktest | ||
| 936 | r | v | |a MS 6850 |b Gericht, Richter, Rechtsprechung, Polizei |k Soziologie |k Spezielle Soziologien |k Rechtssoziologie |k Gericht, Richter, Rechtsprechung, Polizei |0 (DE-627)1271441527 |0 (DE-625)rvk/123769: |0 (DE-576)201441527 |
| 936 | r | v | |a PH 8240 |b Kriminalpolitik, Kriminalisierung und Entkriminalisierung; Kriminalität / Prävention; Meinung und Einstellung der Bevölkerung zur Kriminalität und Verbrechenskontrolle; Kriminalitätsfurcht; Ökonomik von Kriminalität |k Rechtswissenschaft |k Strafrecht, Strafverfahrensrecht, Kriminologie |k Kriminologie |k Kriminalität und Kriminalpolitik |k Kriminalpolitik, Kriminalisierung und Entkriminalisierung; Kriminalität / Prävention; Meinung und Einstellung der Bevölkerung zur Kriminalität und Verbrechenskontrolle; Kriminalitätsfurcht; Ökonomik von Kriminalität |0 (DE-627)1271677105 |0 (DE-625)rvk/136495: |0 (DE-576)201677105 |
| 936 | r | v | |a MS 6800 |b Allgemeines, Recht und Gesellschaft |k Soziologie |k Spezielle Soziologien |k Rechtssoziologie |k Allgemeines, Recht und Gesellschaft |0 (DE-627)1271441519 |0 (DE-625)rvk/123768: |0 (DE-576)201441519 |
| 936 | r | v | |a MS 6380 |b Kriminalität, Gefängnis, Erziehungsheim |k Soziologie |k Spezielle Soziologien |k Soziale Probleme |k Kriminalität, Gefängnis, Erziehungsheim |0 (DE-627)1271441438 |0 (DE-625)rvk/123753: |0 (DE-576)201441438 |
| 936 | r | v | |a GC 5164 |b Umgangssprache |k Germanistik. Niederlandistik. Skandinavistik |k Deutsche Sprache |k Neuhochdeutsche Schriftsprache |k Soziolinguistik (Sprachsoziologie) |k Sprachschichten |k Umgangssprache |0 (DE-627)1270854461 |0 (DE-625)rvk/38492: |0 (DE-576)200854461 |
| 936 | b | k | |a 86.41 |j Kriminologie |0 (DE-627)181572001 |
| 936 | s | n | |a m200 |2 mzub |
| 936 | s | n | |a p100 |2 mzub |
| 936 | s | n | |a g100 |2 mzub |
| 951 | |a BO | ||
| ELC | |b 1 | ||
| LOK | |0 000 xxxxxcx a22 zn 4500 | ||
| LOK | |0 001 3287009214 | ||
| LOK | |0 003 DE-627 | ||
| LOK | |0 004 024845531 | ||
| LOK | |0 005 20020607000000 | ||
| LOK | |0 008 920826||||||||||||||||ger||||||| | ||
| LOK | |0 040 |a DE-21-110 |c DE-627 |d DE-21-110 | ||
| LOK | |0 852 |a DE-21-110 | ||
| LOK | |0 852 1 |c A II 365 |m p |9 00 | ||
| LOK | |0 935 |a k110 | ||
| LOK | |0 936ln |a 1.6 | ||
| LOK | |0 938 |k p | ||
| LOK | |0 939 |a 1992-08-26 |b l01 | ||
| ORI | |a WA-MARC-krimdoka001.raw | ||
| SIG | |a IFK: A II 365 | ||
